| 000 | 00426nam a22001697a 4500 | ||
|---|---|---|---|
| 005 | 20190611115334.0 | ||
| 008 | 190611b xxu||||| |||| 00| 0 spa d | ||
| 020 | _aCHACON GUZMAN JUAN | ||
| 041 | _a1-1407-0762 | ||
| 082 |
_206-16 _621 _8819 _a4 _b10 |
||
| 100 |
_a2011-2014 _954293 |
||
| 245 | _aRECLUTAMIENTO, SELECCIÓN | ||
| 250 | _a1.02 | ||
| 505 | _aEXPEDIENTE PERSONAL | ||
| 650 |
_aCONFIDENCIAL _954294 |
||
| 942 | _cARC | ||
| 999 |
_c12042 _d12042 |
||